Handbook of Plant Cell Culture V3: Crop Species (Record no. 366763)
[ view plain ]
| 000 -LEADER | |
|---|---|
| fixed length control field | 004410000a22001690004500 |
| 020 ## - INTERNATIONAL STANDARD BOOK NUMBER | |
| International Standard Book Number | 0029490103 |
| 060 ## - NATIONAL LIBRARY OF MEDICINE CALL NUMBER | |
| Classification number | 100 |
| 082 ## - DEWEY DECIMAL CLASSIFICATION NUMBER | |
| Classification number | 581.807.24 HAN.03 |
| 100 ## - MAIN ENTRY--PERSONAL NAME | |
| Personal name | Ammirato, Philip V |
| 100 ## - MAIN ENTRY--PERSONAL NAME | |
| Personal name | Evans David A, Sharp William R |
| 245 ## - TITLE STATEMENT | |
| Title | Handbook of Plant Cell Culture V3: Crop Species |
| 260 ## - PUBLICATION, DISTRIBUTION, ETC. (IMPRINT) | |
| Place of publication, distribution, etc. | London, Mac Millan Company |
| 260 ## - PUBLICATION, DISTRIBUTION, ETC. (IMPRINT) | |
| Date of publication, distribution, etc. | 1984 |
| 463 ## - | |
| -- | |
| 650 ## - SUBJECT ADDED ENTRY--TOPICAL TERM | |
| Topical term or geographic name as entry element | Plant Cell Culture / Cereals Crop Specis |
| 942 ## - ADDED ENTRY ELEMENTS (KOHA) | |
| Koha item type | Books (General) |
| Withdrawn status | Lost status | Source of classification or shelving scheme | Damaged status | Not for loan | Collection code | Home library | Current library | Shelving location | Date acquired | Total Checkouts | Full call number | Barcode | Date last seen | Price effective from | Koha item type |
|---|---|---|---|---|---|---|---|---|---|---|---|---|---|---|---|
| Dewey Decimal Classification | Reference Book | College of Agriculture, Vellayani | College of Agriculture, Vellayani | Reference | 02/05/2014 | 581.807.24 HAN.03 | KAU_COAV-21752 | 02/05/2014 | 02/05/2014 | Reference Book |
